Statistics for Canadian general knowledge Quiz

Click here to take the quiz!

General Stats

  • This quiz has been taken 82 times
    (77 since last reset)
  • The average score is 10 of 15

Answer Stats

QuestionAnswer% Correct
How many territories?3
98%
How many provinces are in Canada?10
95%
Who is Canada's only border?USA
95%
Who is the current Prime Minister?Justin Trudeau
84%
Who is the Canadian born singer who's first hit was 'Baby'?Justin Bieber
82%
About how many million people live in Canada?35
79%
What is the most famous waterfall?Niagara
79%
What % of the worlds freshwater is in Canada?20
57%
What is the biggest Island?Baffin
57%
What is the biggest mountain range?Rockies
55%
What is the most populated Island?Vancouver
54%
What is the oldest?Banff
48%
What is the largest lake entirely in Canada?Great Bear
32%
How many national parks are there in Canada?47
23%
What is the longest river?Yukon
14%

Score Distribution

Percentile by Number Answered

Percent of People with Each Score

Your Score History

You have not taken this quiz since the last reset